Teach Yourself : Web Publishing With HTML 3.2 in a Week / (رقم التسجيلة. 107172)

تفاصيل مارك
000 -LEADER
fixed length control field 00508nam a22002057a 4500
005 - DATE AND TIME OF LATEST TRANSACTION
control field 20251108173555.0
008 - FIXED-LENGTH DATA ELEMENTS--GENERAL INFORMATION
fixed length control field 250721s1996 xx 000 0 eng d
020 ## - INTERNATIONAL STANDARD BOOK NUMBER
International Standard Book Number 1575211920
082 14 - DEWEY DECIMAL CLASSIFICATION NUMBER
Classification number 005.7/LEM
100 1# - MAIN ENTRY--PERSONAL NAME
Personal name Lemay, Laura
245 10 - TITLE STATEMENT
Title Teach Yourself : Web Publishing With HTML 3.2 in a Week /
250 ## - EDITION STATEMENT
Edition statement 3.ed.
264 1# - PRODUCTION, PUBLICATION, DISTRIBUTION, MANUFACTURE, AND COPYRIGHT NOTICE
Place of production, publication, distribution, manufacture canada :
Name of producer, publisher, distributor, manufacturer sama.net,
Date of production, publication, distribution, manufacture, or copyright notice 1996.
300 ## - PHYSICAL DESCRIPTION
Extent 582P.
650 17 - SUBJECT ADDED ENTRY--TOPICAL TERM
Topical term or geographic name as entry element HTML
650 17 - SUBJECT ADDED ENTRY--TOPICAL TERM
Topical term or geographic name as entry element WORLD WIDE WEB
650 17 - SUBJECT ADDED ENTRY--TOPICAL TERM
Topical term or geographic name as entry element INTERNET
942 ## - ADDED ENTRY ELEMENTS (KOHA)
Source of classification or shelving scheme Dewey Decimal Classification
Koha item type كتب
المقتنيات
حالة السحب حالة الفقدان مصدر التصنيف حالة التلف غير قابل للإعارة المكتبة الرئيسية المكتبة الحالية موقع الرف تاريخ التزويد الرقم المتسلسل Total Checkouts رقم الإستدعاء الباركود تاريخ آخر ظهور تاريخ الفاتورة نوع المادة (كوها)
    Dewey Decimal Classification     المكتبة المركزية المكتبة المركزية الإعارة 28/07/2025 1111788   005.7/LEM 1111788 28/07/2025 28/07/2025 كتب
Implemented & Customized by: BBB with SCIT (Smart Chains for Information Technology)

Powered by Koha